Quizzes
Events
Quiz Creation
Community
Videos
Private Events
Remove Ads
Sign In
Join for FREE
Feedback
Dark Mode
Quiz Categories
Sports
Geography
Music
Movies
Television
Just For Fun
Miscellaneous
History
Literature
Language
Science
Gaming
Entertainment
Religion
Holiday
For Kids
Quiz Lab
Recent
Popular Today
Quiz Kudos Today
Editor Picks
Curator Picks
Quizzes by...
Day
Popularity
Type
Ratings
Length
Year
Community
Subscriptions
Recent Discussions
Orange Saloon
Badges
Playlists
Quests
Create
Leaderboards
Showdown
Live 5
Trivia Bingo
Activity
Puzzle Library
Sporcle Events
Private Events
Virtual Trivia
Globe League
Become a Host
Pub Owners
SporcleCon
Opinionation
Our Games
Videos
Blog
Mobile Apps
Partnerships
Remove Ads and Go Orange
Feedback
Just For Fun
Clickable
Get the Picture
Humor
Quick Pick
Word Ladder
Missing Word
Mixed Word
Blitz
Minefield
This or That
Alphabet
Color
Typing
Sporcle
Puzzle
Word Play
Follow That Line
Logic
Just For Fun
Clickable
Get the Picture
Humor
Quick Pick
Word Ladder
Missing Word
Mixed Word
Blitz
Minefield
This or That
Alphabet
Color
Typing
Sporcle
Puzzle
Word Play
Follow That Line
Logic
Random Quiz
Search Sporcle
×
Quiz Lab
Quiz Lab
Just For Fun
Comic Books
Type in answers that appear in a list
Type in answers that appear in a list
Classic
Best Score? Go Orange.
Marvel Imprints Stats
Can you name the Name all of the Marvel Imprints ever?
By
Tformer4
5m
34 Questions
50 Plays
50 Plays
50 Plays
Comments
Comments
Give Quiz Kudos
Give Quiz Kudos
-
- Ratings
hide this ad
Replay
Link that replays current quiz
Next Quiz
Link to next quiz in quiz playlist
You Got
0%
They Got
Avg Score
20%
Avg Friend Score
Upgrade to see
Score Distribution
Jump to the score distribution portion of the page
Score
0/34
Timer
05:00
0
Plays Today
Imprint
% Correct
Marvel Knights
58%
Ultimate Marvel
56%
Spider-Man
46%
New Universe
44%
MAX Comics
44%
Star Comics
44%
Epic Comics
42%
X-Men
38%
Marvel 2099
28%
Tsunami
26%
Icon Comics
24%
Marvel Mangaverse
24%
Ultraverse
22%
Marvel Adventures
22%
Midnight Sons
20%
Marvel Edge
20%
MC2
14%
Imprint
% Correct
Marvel UK
14%
Marvel Age
14%
CrossGen
12%
Amalgam Comics
12%
Marvel Comics
12%
Cosmic Powers
10%
Paramount Comics
10%
Razorline
10%
Marvel Next
8%
Marvel Absurd
6%
Marvel Music
4%
M-Tech
4%
Marvel Alternaverse
2%
Shadowline (Epic)
2%
Dabel Brothers Productions
2%
Marvel Illistrated
0%
Heavy Hitters (Epic)
0%
Quiz Playlist
Details
Report
Send in Message
Add To Playlist
Classic:
Type in answers that appear in a list
Last Updated: Feb 16, 2017
Quiz Scoreboard
CHALLENGE
Sign Up to Join the Scoreboard
Show All
Scores
Hide
Comments
May contain spoilers
Recently Published
NBA Finals Game Top Scorers (2010s)
by flibbidy
Sports
5m
Guess the 'R' Things in 3 Words
by MSUKent
Miscellaneous
3m
Actor to Badly Drawn Movie III
by MoMosMoProblems
Movies
5m
More to Explore
Quiz From the Vault
Featured Blog Post
Where Does Lost Luggage Go?
hide this ad
You Might Also Like...
Tags
Comic Books Quiz
Marvel Quiz
Superhero Quiz
Comic Character
Marvel Characters
Publishing
Superhuman
Today's Top Quizzes in Just For Fun
Browse Just For Fun
hide this ad
Today's Top Quizzes in Comic Books
Browse Comic Books
Top Contributed Quizzes in Just For Fun
1
CrossWordLadder XXIII
2
Erkennst du die Lieblingsgerichte der watsons?
3
Quick Pick: Famous Davids
4
Guess Who in 3 Images
5
Sporcle Events Newsletter Bonus Questions 3/18/24
6
CrossWordLadder XXIV
7
CrossWordLadder XLIII
8
CrossWordLadder XXV
9
Trees Logic Puzzle 616
10
Order the Mini Maze II
Explore More
Trending Topics
Harry Potter
Disney
Marvel
NBA
Crossword
Anime
Kpop
The Office
Puzzle
WWE
NFL
Pokémon
Soccer
Country
Song
hide this ad
More By:
Tformer4
Quiz
Plays
Rating
Category
Featured
Created
Ultimate DC and Marvel Secret Identities
318
4.00
Entertainment
Oct 6, 2020
SECRET WARS 2015
125
5.00
Entertainment
Apr 11, 2015
Cancelled Marvel Ongoing Series
112
1.67
Just For Fun
Sep 5, 2011
Marvel Imprints
50
Just For Fun
Sep 10, 2011
Go to Creator's Profile
Score Distribution
Quiz Creator Spotlight
Tformer4
Follow
Send a Message
Quizzes Created
-
Created Quiz Play Count
-
More By This Creator
Popular Quizzes Today
1
Find the US States - No Outlines Minefield
2
Find the US States
3
The Countries of the World
4
10 Largest US States in Order
5
Find the Countries of Europe - No Outlines Minefield
6
US States
7
Guess the 'R' Things in 3 Words
8
NBA Finals Game Top Scorers (2010s)
More Just For Fun Quizzes
Eye Exam
Published
Trending Quizzes
First Name TV: Leading Men
First Name TV: Leading Women Drama
Match the Book to the Film II
Pick A Pair: Religious TV
Match the Book to the Film VI
Recently Updated
Women's Final Four Teams by Year
bhenderson79
Presidents Quartet II
eogle
Anything But Clue(do)
eogle
Anything But Oceanian Capitals
eogle
Anything But 7
eogle
Anything But Thing
eogle
Word Ladder: February 29
pecheneg
Song Title Questions
pecheneg
Women's NCAA Tournament #1 Seeds
pecheneg
Celebrity Mug Shots
pecheneg
Trending Topics
Harry Potter
Kpop
Disney
Crossword
Anime
Marvel
NBA
Country
Song
Puzzle
WWE
Soccer
The Office
NFL
Pokémon
Your Account Isn't Verified!
In order to create a playlist on Sporcle, you need to verify the email address you used during registration. Go to your
Sporcle Settings
to finish the process.
Report this User
Report this user for behavior that violates our
Community Guidelines
.
Details:
Send Report
Go to the Sporcle.com Mobile Site →
Comments